000 00608nam a2200157 a 4500
008 081128s2007 ||||||||||||||||| || u
020 _a9781904456568
050 _aAY 40 Wor
110 _aInstituto del Tercer Mundo
245 1 4 _aThe world guide: global reference country by country. -- 11th ed.
_cby Instituto del Tercer Mundo
250 _a11th ed.
260 _aOxford
_bNew Internationalist Publications
_c2007
300 _a623p.: ill.
350 _a0.00
995 _D0.00
_FCBU-MAIN LIBRARY (Kitwe)
_H1
_I0.00
_M1
_UREFERENCE
_WMar 25, 2009
_ZReference Collection
999 _c62103
_d62103